000 00328nam a22001337a 4500
008 170830b xxu||||| |||| 00| 0 eng d
020 _a2901412901252
041 _aeng
080 _a070
100 _a39
101 _aMED
245 _aINTERNATIONAL AND COMPARATIVE EMPLOYMENT RELATIONS
_cBAMBER.G.J
942 _2udc
_cBK
999 _c25537
_d25537